00536nam a22001937a 450000500170000001000140001702000110003103500130004203700130005508200150006810000260008324500820010926000310019127000460022230000220026870000090029094200260029999900170032520100726135359.0 aENG-97101 c600.00 aEN-80634 bDBAD/PUB a294.592146 a.., Avtar Singh91470 aThe bleeding limbs of the sikhs :cAvtar Singh Gillbstark reality revealed / aPunjabbJaswant Publisher  a41/-100-j,Bhai Ranbir singh NagarbPunjab a414p.c23cm (pbk) 91414 2ddccENh954.052mGIL c37712d37712